000 01053nam0a22002531 4500
001 rc\183273
005 20250620222931.0
035 _a(NLR Aleph) 005442054
090 _a4767842
_c4767842
100 _a20030307d1996 |||y0rusy50 ca
101 0 _arus
102 _aRU
105 _aa |||||||||
200 1 _aГеомеханическое обоснование параметров крепи вымоечных штреков при комплексно-механизированной разработке угольных месторождений
_fВ.М. Колмагоров, О.С. Курзанцев
_gПод ред. акад. АГН П.В. Егорова
_gАкад. горн. наук
210 _aКемерово
_cАГН
_d1996
215 _a49 с.
_cил.
_d20
320 _aБиблиогр.: с. 48
700 1 _aКолмагоров
_bВ.М.
701 1 _aКурзанцев
_bО.С.
_gОлег Степанович
801 0 _aRU
_bNLR
_gpsbo
801 1 _aRU
_bELAR
_2rusmarc
852 _aNLR
_j98-4/1132
942 _cBOOK
980 _aNB